000 00676nam a2200289Ia 4500
005 20260324131930.0
008 008 260324s9999 xx 000 0 eng d
020 _a9781351150286
037 _aEBOOK
040 _aCRL
040 _beng
040 _cCRL
041 _2eng
041 _aeng
084 _qCRL
100 _aConor Cradden
_91187391
245 0 _aRepoliticizing Management
245 2 _bA Theory of Corporate Legitimacy
260 _bTaylor and Francis
260 _c2005
365 _a
365 _b220
856 _uhttp://www.taylorfrancis.com/books/9781351150286
942 _cEBOOK
999 _c1784985
_d1784985